• 首页
  • 本馆介绍
  • 公告通知
  • 最新文献
  • 馆藏检索
  • 电子资源
  • 读者荐购
  • 参考咨询
  • CALIS
  • 我的图书馆
  • 登录
  • 详细信息显示
  • 放入我的书架
  • 预约/预借图书
  • 作者相关作品
  • 分类相关作品
  • 丛书相关作品
  • 出版社相关作品

书目信息

  • 表格格式
  • 工作单格式
  • 卡片格式
题名:
历代书法选字丛书
    
 
作者: 黄全信 编
分册:   喜字集
出版信息: 北京   中国和平出版社  
页数: 85页
开本: 20cm
丛书名:
单 册:
中图分类: J292.21
科图分类:
主题词: 书法--中国 , 篆刻--中国
电子资源:
ISBN: 7-80101-029-9
 
 
 
 
 
000 00634nam0 2200217 450
001 1432701218
005 20141103090637.30
010    @a7-80101-029-9@dCNY14.00
100    @a20141103d km y0chiy0120 ea
101 0  @achi
102    @aCN
200 1  @a历代书法选字丛书@Ali dai shu fa xuan zi cong shu@i喜字集@f黄全信编@Fhuang quan xin bian
210    @a北京@c中国和平出版社
215    @a85页@d20cm
517 1  @a喜字集@Axi zi ji
606 0  @a书法@x中国
606 0  @a篆刻@x中国
690    @aJ292.21@v4
701  0 @a黄全信@Ahuang quan xin@4编
801  0 @aCN@b大连网信软件有限公司图书馆·11@c20141103
905    @aZUCC@dJ292.21@eH8771
    
    历代书法选字丛书.喜字集/黄全信编.-北京:中国和平出版社
    85页;20cm
    
    
    ISBN 7-80101-029-9:CNY14.00
    
●
相关链接 在E读中查询图书 在当当中查询图书 在豆瓣中查询图书


正题名:历代书法选字丛书     索取号:J292.21/H8771         预约/预借

序号 登录号 条形码 馆藏地/架位号 状态 备注
1 021579   200215793   社科库309/309社科库 80排2列6层/ [索取号:J292.21/H8771] 在馆    
河南城建学院图书馆 欢迎您!
大连网信软件有限公司© 版权所有